| 000 | 03035nam a2200409 ia4500 | ||
|---|---|---|---|
| 003 | OSt | ||
| 005 | 20260521121300.0 | ||
| 008 | 260521t20252025-uka gr 000 1ceng d | ||
| 020 |
_a9781835622551 _cRM85.50 _qhardback |
||
| 040 |
_aPPAK _beng _cPPAK _erda |
||
| 082 | 0 | 4 |
_223 _a823.92 |
| 090 | 0 | 0 |
_a823.92 _bWEL _dG |
| 100 | 1 |
_aWells, Catherine, _eauthor. |
|
| 245 | 1 | 4 |
_aTHE OPEN HEART : _bStories and Fiction / _cby Catherine Wells, H.G. wells ; Edited by: Emelyne Godfrey & Patrick Parrinder ; Editorial Director: Catherine Taylor ; Illustrator: Broci |
| 246 | 3 | 4 |
_aThe open heart : _bA new collection of stories. Reclaiming her light, from the shadow of her husband H.G. Wells. |
| 264 | 1 |
_aLondon, United Kingdom : _bFLAME TREE PUBLISHING, _c2025 |
|
| 264 | 4 | _c©2025 | |
| 300 |
_a[416] pages : _billustrations ; _c20 cm |
||
| 336 |
_atext _2rdacontent |
||
| 337 |
_aunmediated _2rdamedia |
||
| 338 |
_avolume _2rdacarrier |
||
| 490 | 1 | 0 | _aBeyond & Within |
| 504 | _aBibliography : pages 413-414. | ||
| 520 | _aPublished for the first time, The Open Heart is a telling tale of unfulfilment from the supportive, but long-neglected wife of H.G. Wells. Catherine Wells (1872–1927) was the wife of H.G. Wells and the author of short stories, poems and an unfinished novella, The Open Heart, a haunting study of a woman’s sense of unfulfilment that adds significantly to our knowledge of early 20th-century feminism. Published here for the first time, The Open Heart is brought together with her stories and poems that appeared in The Book of Catherine Wells (1928). The Open Heart tells of a woman’s shipwreck on a deserted island in the Pacific Ocean, a kind of earthly paradise in which she finds herself entirely alone. Included, too, in this collection are Catherine Wells' highly accomplished tales of forbidden love, of a woman’s subjection to a dominant and possessive husband and of female despair. These stories illustrate what H.G. Wells called ‘her brooding tenderness’, her ‘sense of invincible fatality’ and her ‘predisposition towards a haunting, dreamland fantasy of fear’. The Flame Tree Beyond and Within short story collections bring together tales of myth and imagination by modern and contemporary writers, carefully selected by anthologists, and sometimes featuring short stories from a single author. Overall, the series presents a wide range of diverse and inclusive voices with myth, folkloric-inflected short fiction, and an emphasis on the supernatural, science fiction, the mysterious and the speculative. | ||
| 650 | 1 | 0 | _aEnglish fiction |
| 650 | 2 | 0 | _aShort stories |
| 650 | 2 | 0 | _aScience fiction |
| 650 | 2 | 0 | _aMysterious stories |
| 650 | 2 | 0 | _aPoems |
| 700 | 1 |
_aGodfrey, Emelyne, _cDr., _eeditor. |
|
| 700 | 1 |
_aWells, H.G., _eauthor. |
|
| 700 | 1 |
_aParrinder, Patrick, _eeditor. |
|
| 700 | 1 |
_aTaylor, Catherine, _eeditor. |
|
| 700 | 1 |
_aBroci, _eillustrator. |
|
| 830 | 0 | _aBeyond & within | |
| 942 |
_2ddc _cB |
||
| 999 |
_c204394 _d204394 |
||